000 00598nam a2200229Ia 4500
003 OSt
005 20220918200816.0
006 a|||||r|||| 00| 0
007 ta
008 220917b |||||||| |||| 00| 0 eng d
024 _a90,337
037 _cTextual
040 _aARTS
_cARTS
_beng
041 _2eng
_aeng
082 _aU8:654:N0, F51 (906)
100 _aRaphael John R.
_995617
245 0 _aThrough unknown Nigeria
260 _aNA
_bNA
_c1925
650 _aGEOGRAPHY
942 _hU8:654:N0, F51 (906)
_cTEXL
_2CC
999 _c214003
_d214003